| 000 | 00929cam a22002773a 4500 | ||
|---|---|---|---|
| 001 | 19317 | ||
| 003 | PGUSA | ||
| 005 | 20140828083417.0 | ||
| 008 | 060919s2006||||xxu|||||s|||||000 | eng d | ||
| 040 |
_aPGUSA _beng |
||
| 042 | _adc | ||
| 050 | 4 | _aD501 | |
| 100 | 1 |
_aHamilton, Ian, _cSir, _d1853-1947 |
|
| 245 | 1 | 0 |
_aGallipoli Diary, Volume I _h[electronic resource] / _cIan, Hamilton |
| 260 |
_bProject Gutenberg, _c2006 |
||
| 506 | _aPublic domain in the USA. | ||
| 516 | _aElectronic text | ||
| 653 | _aGallipoli Peninsula (Turkey) -- History, Military | ||
| 653 | _aWorld War, 1914-1918 -- Personal narratives, British | ||
| 653 | _aGenerals -- Great Britain -- Diaries | ||
| 653 | _aHamilton, Ian, Sir, 1853-1947 -- Diaries | ||
| 653 | _aWorld War, 1914-1918 -- Campaigns -- Turkey -- Gallipoli Peninsula | ||
| 830 | 0 |
_aProject Gutenberg _v19317 |
|
| 856 | 4 | 0 | _uhttp://www.gutenberg.org/ebooks/19317 |
| 942 | _cEB | ||
| 999 |
_c248572 _d248572 |
||